Koundinya Shiksha/ (Record no. 173233)

000 -LEADER
fixed length control field 00363nam a22001457a 4500
082 ## - DEWEY DECIMAL CLASSIFICATION NUMBER
Classification number S 294.592 1
Item number KOU/K
100 ## - MAIN ENTRY--AUTHOR NAME
Personal name Koundinya
245 ## - TITLE STATEMENT
Title Koundinya Shiksha/
Statement of responsibility, etc by Koundinya
260 ## - PUBLICATION, DISTRIBUTION, ETC. (IMPRINT)
Place of publication Secunderabad:
Name of publisher R Venkatrama Salekshanadhanapati,
Year of publication 2016.
300 ## - PHYSICAL DESCRIPTION
Number of Pages 644p.
650 ## - SUBJECT ADDED ENTRY--TOPICAL TERM
Topical Term Vedic Literature
650 ## - SUBJECT ADDED ENTRY--TOPICAL TERM
Topical Term Hinduism
650 ## - SUBJECT ADDED ENTRY--TOPICAL TERM
Topical Term Religion
942 ## - ADDED ENTRY ELEMENTS (KOHA)
Koha item type Book
Holdings
Withdrawn status Lost status Damaged status Not for loan Permanent Location Current Location Shelving location Date acquired Cost, normal purchase price Full call number Accession Number Price effective from Koha item type
        Sree Sankaracharya University of Sanskrit Sree Sankaracharya University of Sanskrit Stacks 08.11.2021 500.00 S 294.592 1 KOU/K 102459 08.11.2021 Book